[Event "HUN-chT U18"]
[Site "Miskolc"]
[Date "2008.10.31"]
[Round "8.13"]
[White "Kutas, Balazs"]
[Black "Simon, Tamas"]
[Result "1/2-1/2"]
[WhiteElo "1864"]
[BlackElo "1815"]
[PlyCount "26"]
[EventDate "2008.10.27"]
[EventType "team-swiss"]
[EventRounds "8"]
[EventCountry "HUN"]
[SourceTitle "EXT 2016"]
[Source "ChessBase"]
[SourceDate "2015.10.08"]
[SourceVersion "1"]
[SourceVersionDate "2015.10.08"]
[SourceQuality "1"]

1. e4 e6 2. d4 d5 3. exd5 exd5 4. Bd3 Bd6 5. Ne2 Bg4 6. Nbc3 c6 7. Be3 Nf6 8. Qd2 Nbd7 9. 0-0 0-0 10. Ng3 Qc7 11. Nce2 Bxe2 12. Qxe2 Rfe8 13. Qf3 Re6 1/2-1/2

[Event "Ajka Borostyan Cup"]
[Site "Ajka"]
[Date "2008.07.19"]
[Round "8"]
[White "Finy, Mark"]
[Black "Kutas, Balazs"]
[Result "1/2-1/2"]
[WhiteElo "1831"]
[BlackElo "1848"]
[PlyCount "101"]
[EventDate "2008.07.12"]
[EventType "swiss"]
[EventRounds "9"]
[EventCountry "HUN"]
[SourceTitle "EXT 2011"]
[Source "ChessBase"]
[SourceDate "2010.11.26"]
[SourceVersion "1"]
[SourceVersionDate "2010.11.26"]
[SourceQuality "1"]

1. d4 b6 2. c4 e6 3. Nf3 Bb7 4. Nbd2 Bb4 5. g3 f5 6. e3 Nf6 7. Bg2 0-0 8. 0-0 d5 9. Qb3 Bxd2 10. Bxd2 Ne4 11. Rac1 Nd7 12. Qc2 Rc8 13. b4 c5 14. bxc5 bxc5 15. dxc5 Ndxc5 16. Rfd1 Nd7 17. Qb2 Qb6 18. Qxb6 axb6 19. cxd5 Bxd5 20. Bb4 Rfd8 21. a3 Ndc5 22. Nd4 Kf7 23. Bxc5 Rxc5 24. Rxc5 Nxc5 25. Nxf5 exf5 26. Rxd5 Rxd5 27. Bxd5+ Ke7 28. Kg2 Kd6 29. Bg8 h6 30. Kf3 Ke5 31. Ke2 g5 32. Bc4 f4 33. gxf4+ gxf4 34. Kf3 fxe3 35. fxe3 Ne4 36. Bd3 Nf6 37. a4 Nd5 38. Kg4 Nxe3+ 39. Kh5 Kf6 40. Kxh6 Ng4+ 41. Kh5 Ne5 42. Bb5 Nf7 43. Kg4 Nd6 44. Kf4 Nb7 45. Ke4 Nc5+ 46. Kd5 Nxa4 47. Bxa4 Kg7 48. Kc6 b5 49. Bxb5 Kh8 50. Kd6 Kg7 51. Ke6 1/2-1/2

[Event "Ajka Borostyan Cup"]
[Site "Ajka"]
[Date "2008.07.15"]
[Round "4"]
[White "Paksa, Rudolf"]
[Black "Kutas, Balazs"]
[Result "1-0"]
[WhiteElo "2199"]
[BlackElo "1848"]
[PlyCount "55"]
[EventDate "2008.07.12"]
[EventType "swiss"]
[EventRounds "9"]
[EventCountry "HUN"]
[SourceTitle "EXT 2011"]
[Source "ChessBase"]
[SourceDate "2010.11.26"]
[SourceVersion "1"]
[SourceVersionDate "2010.11.26"]
[SourceQuality "1"]

1. e4 e5 2. Nf3 Nc6 3. d4 exd4 4. Nxd4 Bc5 5. Nxc6 Qf6 6. Qd2 dxc6 7. Nc3 Ne7 8. Na4 Qe5 9. Bd3 0-0 10. Nxc5 Qxc5 11. 0-0 f5 12. b4 Qe5 13. Rb1 fxe4 14. Bb2 Qf5 15. Qc3 Qg6 16. Bxe4 Qf6 17. Qg3 Qf7 18. Qxc7 Bf5 19. Rbe1 Bxe4 20. Rxe4 Nd5 21. Qg3 g6 22. c4 Nf6 23. Rf4 Qe7 24. Qc3 Kg7 25. Re1 Qd6 26. Rxf6 Rxf6 27. Qxf6+ Qxf6 28. Re7+ 1-0

[Event "Ajka Borostyan Cup"]
[Site "Ajka"]
[Date "2008.07.14"]
[Round "3"]
[White "Kutas, Balazs"]
[Black "Kovacs, Zsolt1"]
[Result "1/2-1/2"]
[WhiteElo "1848"]
[BlackElo "2085"]
[PlyCount "22"]
[EventDate "2008.07.12"]
[EventType "swiss"]
[EventRounds "9"]
[EventCountry "HUN"]
[SourceTitle "EXT 2011"]
[Source "ChessBase"]
[SourceDate "2010.11.26"]
[SourceVersion "1"]
[SourceVersionDate "2010.11.26"]
[SourceQuality "1"]

1. e4 e5 2. Nf3 Nc6 3. Bc4 Bc5 4. Nc3 d6 5. h3 Nf6 6. d3 Na5 7. Bb3 Nxb3 8. axb3 Be6 9. 0-0 h6 10. d4 exd4 11. Nxd4 Bd7 1/2-1/2

[Event "Ajka Borostyan Cup"]
[Site "Ajka"]
[Date "2008.07.12"]
[Round "1"]
[White "Kutas, Balazs"]
[Black "Szelenyi, Norbert"]
[Result "0-1"]
[WhiteElo "1848"]
[BlackElo "2373"]
[PlyCount "65"]
[EventDate "2008.07.12"]
[EventType "swiss"]
[EventRounds "9"]
[EventCountry "HUN"]
[SourceTitle "EXT 2011"]
[Source "ChessBase"]
[SourceDate "2010.11.26"]
[SourceVersion "1"]
[SourceVersionDate "2010.11.26"]
[SourceQuality "1"]

1. e4 e6 2. b3 c5 3. Bb2 Nc6 4. Nf3 d6 5. d4 cxd4 6. Nxd4 a6 7. Be2 Bd7 8. 0-0 Nf6 9. Nxc6 Bxc6 10. e5 dxe5 11. Qxd8+ Rxd8 12. Bxe5 Bc5 13. Nc3 Nd7 14. Bf4 Bd4 15. Bd2 Rc8 16. Rad1 Bxc3 17. Bxc3 Bxg2 18. Kxg2 Rxc3 19. Bf3 Rc7 20. Rd2 Ke7 21. Rfd1 Ne5 22. Be2 g5 23. c4 h5 24. b4 b6 25. c5 bxc5 26. bxc5 a5 27. Rc2 h4 28. Rdc1 Rb8 29. c6 Rb6 30. Rc5 Rbxc6 31. Rxc6 Rxc6 32. Rxc6 Nxc6 33. Kf3 0-1